[Event "4NCL Online Division 4"]
[Site "online"]
[Date "2020.05.19"]
[Round "7.52"]
[White "Marston, Alastair"]
[Black "Herman, Thomas"]
[Result "1-0"]
[WhiteElo "1720"]
[BlackElo "1802"]
[PlyCount "77"]
[EventDate "2020.05.19"]
[WhiteTeam "Bristol Cabot Blackbeards"]
[BlackTeam "Dorking"]

1. d4 Nf6 2. Nf3 e6 3. c4 Bb4+ 4. Bd2 Bxd2+ 5. Qxd2 b6 6. g3 O-O 7. Bg2 Bb7 8.
Nc3 d6 9. Rd1 Nbd7 10. O-O Re8 11. b4 Qc8 12. Qc2 a5 13. a3 axb4 14. axb4 e5
15. d5 Qd8 16. e4 Ba6 17. Qe2 Nf8 18. Ra1 Qe7 19. Ra2 Ng6 20. Rfa1 Bb7 21. Rxa8
Rxa8 22. Rxa8+ Bxa8 23. Qa2 Qd8 24. Qa4 h5 25. h4 Bb7 26. Ng5 Nh7 27. Nxh7 Kxh7
28. Bh3 Ne7 29. Qa7 Bc8 30. Qb8 f5 31. exf5 c6 32. f6 gxf6 33. dxc6 f5 34. b5
Qg8 35. Nd5 Nxd5 36. cxd5 e4 37. Qxd6 Qg7 38. Qf4 Qf6 39. d6 1-0

[Event "4NCL Online Division 4"]
[Site "online"]
[Date "2020.05.19"]
[Round "7.53"]
[White "Collins, Anthony S"]
[Black "Roberts, Mike"]
[Result "1-0"]
[WhiteElo "1716"]
[BlackElo "1450"]
[PlyCount "75"]
[EventDate "2020.05.19"]
[WhiteTeam "Dorking"]
[BlackTeam "Bristol Cabot Blackbeards"]

1. e4 e5 2. Nf3 Nc6 3. d4 exd4 4. Nxd4 Nxd4 5. Qxd4 Be7 6. Nc3 f6 7. Bc4 Bd6 8.
O-O Ne7 9. f4 b6 10. Kh1 Bc5 11. Qd3 Bb7 12. Qg3 g6 13. a3 Bd6 14. b4 c6 15.
Qh4 Qc7 16. e5 fxe5 17. Bf7+ Kd8 18. Ne4 Kc8 19. Qf6 Qd8 20. Nxd6+ Kc7 21. Qxe5
Rf8 22. c4 c5 23. bxc5 Nc6 24. cxb6+ axb6 25. Ne8+ Kc8 26. Qg7 Rxe8 27. Bxe8
Qxe8 28. Bb2 Qe2 29. Bf6 Nd8 30. Rg1 Ne6 31. Qg8+ Kc7 32. Be5+ Kc6 33. Qxh7 g5
34. Rae1 Qd2 35. Qe4+ Kc5 36. Qxb7 Rxa3 37. Rd1 Qa5 38. Rd5+ 1-0

[Event "4NCL Online Division 4"]
[Site "online"]
[Date "2020.05.19"]
[Round "7.54"]
[White "Burnett, Philip"]
[Black "Davies, Will"]
[Result "0-1"]
[WhiteElo "1390"]
[BlackElo "1547"]
[PlyCount "60"]
[EventDate "2020.05.19"]
[WhiteTeam "Bristol Cabot Blackbeards"]
[BlackTeam "Dorking"]

1. d4 Nf6 2. Nf3 d6 3. c4 g6 4. Nc3 Bg7 5. e3 O-O 6. Bd3 c5 7. O-O Nc6 8. a3
cxd4 9. exd4 Bg4 10. d5 Nd4 11. Be2 Nxe2+ 12. Qxe2 Nd7 13. Bd2 Ne5 14. Kh1 Rc8
15. b3 b5 16. Rac1 bxc4 17. bxc4 Nxc4 18. Rfd1 Nxa3 19. Re1 Re8 20. h3 Bf5 21.
g4 Bd7 22. Qa6 Bxc3 23. Rxc3 Nb5 24. Rcc1 Qb6 25. Qxb6 axb6 26. Be3 Rb8 27. Nd4
Nxd4 28. Bxd4 b5 29. Rb1 Kf8 30. Rec1 Rec8 0-1

[Event "4NCL Online Division 4"]
[Site "online"]
[Date "2020.05.19"]
[Round "7.61"]
[White "Conterno, Dominique"]
[Black "Patel, Rishi"]
[Result "1/2-1/2"]
[WhiteElo "1907"]
[BlackElo "1891"]
[PlyCount "136"]
[EventDate "2020.05.19"]
[WhiteTeam "Downend 2"]
[BlackTeam "Harrow 3"]

1. e4 e5 2. Nf3 Nc6 3. d4 exd4 4. Nxd4 Bc5 5. Nb3 Bb6 6. Nc3 d6 7. Qe2 Nf6 8.
Be3 Be6 9. O-O-O O-O 10. f3 Qe7 11. g4 Nd7 12. h4 a5 13. Nd2 Rfd8 14. g5 Bxe3
15. Qxe3 Nb6 16. h5 d5 17. exd5 Nxd5 18. Nxd5 Rxd5 19. f4 Rd4 20. Re1 Rad8 21.
Nf3 R4d6 22. a3 Bg4 23. Bd3 Qxe3+ 24. Rxe3 Bxf3 25. Rxf3 Nd4 26. Re3 Re6 27.
Rhe1 g6 28. h6 Kf8 29. Rxe6 Nxe6 30. Re4 Nc5 31. Rc4 b6 32. Kd2 a4 33. Ke3 Re8+
34. Kd2 f6 35. f5 gxf5 36. Rf4 Nxd3 37. Kxd3 Re5 38. gxf6 Kf7 39. Rxa4 Kxf6 40.
Rd4 Kg6 41. Rd7 Re6 42. Rxc7 Kxh6 43. c4 Kg6 44. c5 bxc5 45. Rxc5 h5 46. a4 Re8
47. b4 Re4 48. Rc4 Rxc4 49. Kxc4 h4 50. b5 h3 51. b6 h2 52. b7 h1=Q 53. b8=Q
Qc1+ 54. Kd5 Qd2+ 55. Ke6 Qa2+ 56. Ke7 Qe2+ 57. Kf8 Kg5 58. Qd8+ Kg4 59. a5 f4
60. Qd7+ Kg3 61. Qg7+ Kf2 62. Qg6 f3 63. a6 Qe3 64. Qc2+ Kg1 65. Qg6+ Kf1 66.
Qb1+ Kg2 67. Qg6+ Kf2 68. Qc2+ Kf1 1/2-1/2

[Event "4NCL Online Division 4"]
[Site "online"]
[Date "2020.05.19"]
[Round "7.62"]
[White "Manmay Chopra"]
[Black "Burroughs, Adam"]
[Result "0-1"]
[WhiteElo "1855"]
[BlackElo "1847"]
[PlyCount "66"]
[EventDate "2020.05.19"]
[WhiteTeam "Harrow 3"]
[BlackTeam "Downend 2"]

1. e4 e5 2. Nf3 Nc6 3. Bc4 Nf6 4. d3 Be7 5. O-O O-O 6. c3 d6 7. h3 h6 8. Re1
Na5 9. Bb3 Nxb3 10. axb3 Be6 11. c4 c5 12. Nc3 Nh7 13. Be3 a5 14. Qd2 f5 15.
exf5 Bxf5 16. Ne4 Bxh3 17. Nxe5 Bxg2 18. Kxg2 dxe5 19. Nxc5 Bxc5 20. Bxc5 Rf5
21. Be3 Qf6 22. Rg1 Rf8 23. Kf1 Ng5 24. Qe2 Nf3 25. Rh1 Qg6 26. Qd1 Rh5 27.
Rxh5 Qxh5 28. Ke2 Rf6 29. Rxa5 Rg6 30. Ra8+ Kh7 31. d4 Rg1 32. Qc2+ g6 33. Qe4
Ng5+ 0-1

[Event "4NCL Online Division 4"]
[Site "online"]
[Date "2020.05.19"]
[Round "7.63"]
[White "Pickup, Ian R"]
[Black "Stotz, Martin"]
[Result "1-0"]
[WhiteElo "1780"]
[BlackElo "1780"]
[PlyCount "55"]
[EventDate "2020.05.19"]
[WhiteTeam "Downend 2"]
[BlackTeam "Harrow 3"]

1. e4 c6 2. d4 d5 3. f3 dxe4 4. fxe4 e5 5. c3 Qh4+ 6. Kd2 Qxe4 7. Nf3 exd4 8.
Bd3 Qd5 9. cxd4 Nf6 10. Nc3 Bb4 11. Kc2 Bxc3 12. bxc3 O-O 13. c4 Qh5 14. Bg5
Nbd7 15. h3 Ne4 16. Bxe4 f5 17. g4 Qg6 18. Bxf5 Rxf5 19. gxf5 Qxf5+ 20. Qd3 Qa5
21. Rhe1 Nf8 22. Ne5 g6 23. Bd2 Qa4+ 24. Kb2 Bf5 25. Qb3 Qa6 26. Ng4 Ne6 27.
Nh6+ Kg7 28. Nxf5+ 1-0

[Event "4NCL Online Division 4"]
[Site "online"]
[Date "2020.05.19"]
[Round "7.64"]
[White "O'Neill, Richard"]
[Black "Benkhoucha, Samy"]
[Result "0-1"]
[WhiteElo "1645"]
[BlackElo "1427"]
[PlyCount "124"]
[EventDate "2020.05.19"]
[WhiteTeam "Harrow 3"]
[BlackTeam "Downend 2"]

1. d4 d5 2. e3 Nf6 3. Bd3 c5 4. c3 Bg4 5. Nf3 Nc6 6. h3 Bh5 7. g4 Bg6 8. Bxg6
hxg6 9. Ne5 e6 10. Nd2 Qc7 11. f4 cxd4 12. exd4 Bd6 13. Qf3 a5 14. O-O a4 15.
a3 Kf8 16. Kg2 Na5 17. Rb1 Nc4 18. Ndxc4 dxc4 19. Bd2 Rd8 20. g5 Nd7 21. Be3
Rh5 22. Qe2 b5 23. Qf3 Bxe5 24. fxe5 Nb6 25. Rf2 Rd7 26. Rbf1 Nd5 27. Bd2 Qb7
28. Kh2 Nb6 29. Qg4 Kg8 30. Qf3 Qxf3 31. Rxf3 Rh4 32. Rf4 Rxf4 33. Rxf4 Nd5 34.
Rf2 Ne7 35. Kg3 Nf5+ 36. Kg4 Kf8 37. h4 Ke7 38. h5 gxh5+ 39. Kxh5 Rd8 40. g6
Rh8+ 41. Kg5 f6+ 42. exf6+ gxf6+ 43. Kf4 Rh4+ 44. Kf3 Kf8 45. Rg2 Kg7 46. Rg4
Rxg4 47. Kxg4 Kxg6 48. Bf4 Nh6+ 49. Kf3 Nf7 50. Ke4 Ng5+ 51. Ke3 Kf5 52. Bh2
Kg4 53. Bf4 Nh3 54. Bh2 f5 55. d5 exd5 56. Kd4 f4 57. Bxf4 Nxf4 58. Kc5 Nd3+
59. Kxb5 Nxb2 60. Kc5 Kf3 61. Kd4 Ke2 62. Kxd5 Kd2 0-1

[Event "4NCL Online Division 4"]
[Site "online"]
[Date "2020.05.19"]
[Round "7.71"]
[White "Tarling, Ray"]
[Black "Jenkins, John"]
[Result "1/2-1/2"]
[WhiteElo "1930"]
[BlackElo "2065"]
[PlyCount "101"]
[EventDate "2020.05.19"]
[WhiteTeam "Guildford Gatekeepers"]
[BlackTeam "Stroud The Old"]

1. c4 Nf6 2. g3 g6 3. Bg2 Bg7 4. Nc3 O-O 5. d3 d6 6. e4 e5 7. Nge2 Be6 8. O-O
Qd7 9. b3 c6 10. d4 Bh3 11. dxe5 dxe5 12. Qc2 Bxg2 13. Kxg2 Na6 14. Ba3 Rfd8
15. Rad1 Qc7 16. Rxd8+ Rxd8 17. Rd1 Bf8 18. Rxd8 Qxd8 19. Bxf8 Kxf8 20. a3 Nc5
21. Nc1 Qd4 22. f3 g5 23. h3 h5 24. b4 Ne6 25. Qd3 g4 26. fxg4 hxg4 27. h4 Kg7
28. Kf1 Nh5 29. N3e2 Qb2 30. Qe3 b6 31. Kf2 f6 32. Qc3 Qxc3 33. Nxc3 Nd4 34.
Nd3 Nc2 35. a4 Kf7 36. Ne2 Ng7 37. Nc3 Ne8 38. c5 bxc5 39. bxc5 Nc7 40. Nd1 Ne6
41. Ne3 Nxe3 42. Kxe3 Kg6 43. Nb4 Nxc5 44. Nxc6 Nxa4 45. Nxa7 Nb2 46. Nb5 Nc4+
47. Kd3 Nb2+ 48. Ke2 Nc4 49. Kd3 Nb2+ 50. Ke2 Nc4 51. Kd3 1/2-1/2

[Event "4NCL Online Division 4"]
[Site "online"]
[Date "2020.05.19"]
[Round "7.72"]
[White "Brown, Graham K"]
[Black "Kammin, Samuel"]
[Result "0-1"]
[WhiteElo "1757"]
[BlackElo "1795"]
[PlyCount "150"]
[EventDate "2020.05.19"]
[WhiteTeam "Stroud The Old"]
[BlackTeam "Guildford Gatekeepers"]

1. h3 e5 2. d4 e4 3. Bf4 d5 4. e3 Bd6 5. Bxd6 Qxd6 6. Nc3 Nf6 7. g4 O-O 8. Nge2
Nbd7 9. Bg2 h6 10. Ng3 g6 11. O-O c6 12. Nce2 Nh7 13. Qd2 Ng5 14. f4 Nh7 15. f5
g5 16. Rf2 b6 17. Rc1 Ba6 18. b3 Rfc8 19. Nh5 Nhf6 20. Nxf6+ Nxf6 21. c4 h5 22.
gxh5 Nxh5 23. Kh1 f6 24. c5 bxc5 25. dxc5 Qe5 26. Nd4 Kf7 27. Ne6 Ng3+ 28. Kg1
Rh8 29. Nd4 Rac8 30. b4 g4 31. hxg4 Bd3 32. Rf4 Qxd4 33. exd4 Ne2+ 34. Kf2 Rce8
35. Qxe2 Bxe2 36. Kxe2 Rh2 37. Rf2 Kg7 38. Rc3 Kh6 39. Rh3+ Rxh3 40. Bxh3 Rb8
41. a3 a5 42. bxa5 Rb3 43. Bf1 Rxa3 44. a6 Rxa6 45. Ke3 Ra4 46. Be2 Kg5 47. Rh2
Ra3+ 48. Kf2 Kf4 49. Ke1 Ra1+ 50. Bd1 Ke3 51. Rh6 Kd3 52. Rxf6 e3 53. Re6 Ra2
54. f6 Rh2 55. Bf3 Rf2 56. Bxd5 cxd5 57. f7 Rxf7 58. Re5 Ra7 59. Kf1 Kxd4 60.
Re8 Ra1+ 61. Ke2 Ra2+ 62. Kf3 Rf2+ 63. Kg3 Rc2 64. Kf3 Rf2+ 65. Kg3 Kd3 66. c6
Rc2 67. Re6 d4 68. g5 Rc1 69. g6 e2 70. Kf2 Rf1+ 71. Kg2 e1=Q 72. Rxe1 Rxe1 73.
Kf2 Re7 74. Kf3 Rg7 75. Kf4 Rxg6 0-1

[Event "4NCL Online Division 4"]
[Site "online"]
[Date "2020.05.19"]
[Round "7.73"]
[White "Merriman, Rob"]
[Black "Walker, Adrian"]
[Result "0-1"]
[WhiteElo "1727"]
[BlackElo "1750"]
[PlyCount "72"]
[EventDate "2020.05.19"]
[WhiteTeam "Guildford Gatekeepers"]
[BlackTeam "Stroud The Old"]

1. e4 d6 2. d4 Nf6 3. Bd3 Nbd7 4. c4 e5 5. Nf3 c6 6. Nc3 Be7 7. O-O Qc7 8. h3
h6 9. Be3 Nf8 10. b4 g5 11. c5 Ng6 12. cxd6 Bxd6 13. dxe5 Nxe5 14. Bd4 g4 15.
Nxe5 Bxe5 16. Bxe5 Qxe5 17. Nd5 gxh3 18. Nxf6+ Qxf6 19. e5 Qg5 20. Qf3 Bg4 21.
Qg3 O-O-O 22. gxh3 Be6 23. Qxg5 hxg5 24. Rfd1 Rxh3 25. Bf1 Rh4 26. Rxd8+ Kxd8
27. f3 Rxb4 28. Rd1+ Kc7 29. a3 Rb3 30. Rd3 Rb1 31. Rd2 Bc4 32. Rf2 Rxf1+ 33.
Rxf1 Bxf1 34. Kxf1 Kd7 35. Ke2 Ke6 36. Ke3 Kxe5 0-1

[Event "4NCL Online Division 4"]
[Site "online"]
[Date "2020.05.19"]
[Round "7.74"]
[White "Reekie-Black, Matthew"]
[Black "Tarling, Adam"]
[Result "1-0"]
[WhiteElo "1615"]
[BlackElo "1705"]
[PlyCount "119"]
[EventDate "2020.05.19"]
[WhiteTeam "Stroud The Old"]
[BlackTeam "Guildford Gatekeepers"]

1. e4 e5 2. Bc4 Be7 3. Nf3 Nc6 4. d4 d6 5. O-O Nf6 6. dxe5 Nxe5 7. Nxe5 dxe5 8.
Qxd8+ Bxd8 9. f3 O-O 10. Nc3 c6 11. Bg5 h6 12. Bh4 Bb6+ 13. Bf2 Bxf2+ 14. Rxf2
Re8 15. Rd1 Be6 16. Bf1 Rad8 17. Rfd2 Rd7 18. Kf2 Red8 19. Ke3 Kf8 20. b3 Ke7
21. Na4 b6 22. Nb2 Ne8 23. Bc4 Nc7 24. g3 f6 25. f4 exf4+ 26. gxf4 Bg4 27.
Rxd7+ Rxd7 28. Rg1 h5 29. f5 Ke8 30. Be2 Bxe2 31. Kxe2 Na6 32. Nd3 Nc5 33. Nxc5
bxc5 34. Rg3 Kf7 35. Rc3 Re7 36. Rxc5 Rxe4+ 37. Kf3 Re5 38. Rxe5 fxe5 39. Ke4
Kf6 40. h4 a5 41. a3 Kf7 42. Kxe5 Ke7 43. c4 c5 44. Kd5 Kf6 45. Kxc5 Kxf5 46.
Kd4 Ke6 47. b4 axb4 48. axb4 Kf6 49. c5 Ke6 50. b5 g6 51. b6 Kd7 52. Ke5 Ke7
53. c6 Kf7 54. b7 Ke7 55. b8=Q Kf7 56. Qd6 Kg7 57. Qf6+ Kh7 58. c7 g5 59. c8=Q
gxh4 60. Qch8# 1-0

[Event "4NCL Online Division 4"]
[Site "online"]
[Date "2020.05.19"]
[Round "7.81"]
[White "Breed, Greg J"]
[Black "Bozinakis, Pavlos"]
[Result "0-1"]
[WhiteElo "1825"]
[BlackElo "2216"]
[PlyCount "88"]
[EventDate "2020.05.19"]
[WhiteTeam "Hatch End A"]
[BlackTeam "Phones Pals"]

1. d4 Nf6 2. Nf3 e6 3. Bg5 d5 4. e3 h6 5. Bf4 c5 6. c3 Nc6 7. Bd3 Qb6 8. Qb3 c4
9. Qxb6 axb6 10. Bc2 b5 11. a4 b4 12. O-O b3 13. Bd1 b5 14. a5 b4 15. Ne5 Rxa5
16. Rxa5 Nxa5 17. f3 Nh5 18. Bg3 Nxg3 19. hxg3 Bd6 20. e4 O-O 21. exd5 exd5 22.
f4 f6 23. Ng4 Be6 24. Bf3 Rd8 25. Re1 Bf7 26. Ne3 Bf8 27. cxb4 Bxb4 28. Nc3 Nc6
29. Rd1 Bxc3 30. bxc3 Ne7 31. Rb1 Bg6 32. Rb2 Bd3 33. Kf2 Kf7 34. Ke1 Ke6 35.
Kd2 f5 36. Bd1 Be4 37. g4 g6 38. gxf5+ gxf5 39. Bf3 Bxf3 40. gxf3 Ra8 41. Kc1
Ra1+ 42. Rb1 Rxb1+ 43. Kxb1 Ng6 44. Ng2 h5 0-1

[Event "4NCL Online Division 4"]
[Site "online"]
[Date "2020.05.19"]
[Round "7.82"]
[White "Shah, Dipen"]
[Black "Phillips, William"]
[Result "1-0"]
[WhiteElo "1501"]
[BlackElo "1870"]
[PlyCount "57"]
[EventDate "2020.05.19"]
[WhiteTeam "Phones Pals"]
[BlackTeam "Hatch End A"]

1. e4 e5 2. Nf3 Nc6 3. Bc4 Bc5 4. c3 Nf6 5. d4 exd4 6. e5 Ng4 7. cxd4 Bb4+ 8.
Nc3 d5 9. Bb3 Be6 10. O-O Qd7 11. Bg5 f6 12. exf6 Nxf6 13. Ba4 O-O 14. Ne5 Qe8
15. Rc1 a6 16. f4 b5 17. Nxb5 axb5 18. Bxb5 Qb8 19. Bxc6 Rxa2 20. Qb3 Ra6 21.
f5 Bf7 22. Bxf6 gxf6 23. Nd7 Qa7 24. Qxb4 Rd8 25. Qe7 Qxd4+ 26. Kh1 Rxd7 27.
Bxd7 Qxb2 28. Rxc7 Ra2 29. Rc8+ 1-0

[Event "4NCL Online Division 4"]
[Site "online"]
[Date "2020.05.19"]
[Round "7.84"]
[White "Sharan, Kartike"]
[Black "Pattni, Kishan"]
[Result "0-1"]
[WhiteElo "1140"]
[BlackElo "1757"]
[PlyCount "86"]
[EventDate "2020.05.19"]
[WhiteTeam "Phones Pals"]
[BlackTeam "Hatch End A"]

1. e4 e5 2. Nf3 Nc6 3. Bc4 Bc5 4. Nc3 d6 5. d3 h6 6. Be3 Bb6 7. Na4 Bxe3 8.
fxe3 Nge7 9. a3 a6 10. Ba2 Be6 11. Nc3 Bxa2 12. Rxa2 Qd7 13. b4 O-O 14. O-O f5
15. exf5 Nxf5 16. Qe2 Rae8 17. Raa1 b6 18. e4 Nfd4 19. Nxd4 Nxd4 20. Qd2 c6 21.
Ne2 c5 22. Nxd4 cxd4 23. a4 Qe6 24. b5 a5 25. Rf2 Rxf2 26. Qxf2 Rf8 27. Qd2 Qf6
28. Qe2 Qf4 29. Rf1 Qg5 30. Rxf8+ Kxf8 31. Qf1+ Ke7 32. Qb1 Qd2 33. Kf1 g5 34.
h3 h5 35. Kg1 g4 36. hxg4 hxg4 37. Kh2 Kf6 38. Qf1+ Qf4+ 39. Qxf4+ exf4 40. g3
f3 41. Kg1 Ke5 42. Kf1 d5 43. exd5 Kxd5 0-1

[Event "4NCL Online Division 4"]
[Site "online"]
[Date "2020.05.19"]
[Round "7.91"]
[White "Clissold, Ben S"]
[Black "Dupuis, Denis K"]
[Result "1/2-1/2"]
[WhiteElo "2135"]
[BlackElo "1870"]
[PlyCount "126"]
[EventDate "2020.05.19"]
[WhiteTeam "Manchester Juniors A"]
[BlackTeam "Battersea Howitzers"]

1. e4 e5 2. Nf3 Nc6 3. Bb5 f5 4. d3 fxe4 5. dxe4 Nf6 6. Qe2 Bc5 7. Bg5 d6 8.
Nc3 a6 9. Ba4 b5 10. Bb3 Bg4 11. Bd5 Nd4 12. Qd3 Rb8 13. Nxd4 Bxd4 14. Bc6+ Bd7
15. Bxd7+ Qxd7 16. Bxf6 Bxc3+ 17. Qxc3 gxf6 18. O-O-O O-O 19. h4 f5 20. exf5
Qxf5 21. f3 Rfd8 22. Kb1 Rbc8 23. g4 Qf4 24. Qc6 Qf7 25. h5 Qc4 26. Qxc4+ bxc4
27. Rhe1 Rf8 28. Re3 Rf4 29. Re4 Rxe4 30. fxe4 Rf8 31. Kc1 Rf4 32. Rd5 Rxe4 33.
Ra5 Rxg4 34. Rxa6 Rg7 35. Rc6 d5 36. a4 Rg1+ 37. Kd2 Ra1 38. b3 cxb3 39. cxb3
Ra2+ 40. Kd3 e4+ 41. Kc3 e3 42. Rxc7 Kf8 43. Kd3 d4 44. Kxd4 e2 45. Rc1 Rd2+
46. Ke3 Rb2 47. Ra1 e1=Q+ 48. Rxe1 Rxb3+ 49. Kf4 Rb4+ 50. Re4 Rb1 51. Kg5 Kg8
52. Rc4 Kf7 53. Rc7+ Kg8 54. Kh6 Rb6+ 55. Kg5 h6+ 56. Kf5 Ra6 57. Rc4 Kh7 58.
Rb4 Ra5+ 59. Kg4 Kg7 60. Rf4 Kh7 61. Rb4 Kg7 62. Rb7+ Kg8 63. Rb4 Kg7 1/2-1/2

[Event "4NCL Online Division 4"]
[Site "online"]
[Date "2020.05.19"]
[Round "7.92"]
[White "Buanne, Luca"]
[Black "Parry, Samuel"]
[Result "1-0"]
[WhiteElo "1922"]
[BlackElo "1812"]
[PlyCount "51"]
[EventDate "2020.05.19"]
[WhiteTeam "Battersea Howitzers"]
[BlackTeam "Manchester Juniors A"]

1. e4 c5 2. Nf3 d6 3. d4 cxd4 4. Nxd4 Nf6 5. Nc3 g6 6. Be3 Bg7 7. f3 O-O 8. Qd2
Nc6 9. O-O-O d5 10. exd5 Nxd5 11. Nxc6 bxc6 12. Bd4 e5 13. Bc5 Be6 14. Bxf8
Bxf8 15. Nxd5 cxd5 16. Bc4 Qh4 17. Bxd5 Bh6 18. Bxa8 Bxa2 19. b3 Bxd2+ 20. Rxd2
a5 21. Kb2 Bxb3 22. cxb3 a4 23. Bd5 Qb4 24. Rhd1 a3+ 25. Ka2 Qc5 26. Bc4 1-0

[Event "4NCL Online Division 4"]
[Site "online"]
[Date "2020.05.19"]
[Round "7.93"]
[White "Gardiner, Ethan"]
[Black "Kolani, Arjun"]
[Result "0-1"]
[WhiteElo "1795"]
[BlackElo "1937"]
[PlyCount "90"]
[EventDate "2020.05.19"]
[WhiteTeam "Manchester Juniors A"]
[BlackTeam "Battersea Howitzers"]

1. e4 e5 2. Nf3 Nc6 3. Bc4 Bc5 4. c3 Nf6 5. d3 O-O 6. Nbd2 d5 7. exd5 Nxd5 8.
Ne4 Be7 9. O-O Nb6 10. Bb3 a5 11. a4 Bf5 12. Be3 Nd5 13. Bc1 Kh8 14. Re1 Bg6
15. Ng3 f6 16. d4 exd4 17. Nxd4 Nxd4 18. Qxd4 c6 19. Bxd5 cxd5 20. Bf4 b6 21.
Rad1 Bf7 22. Qd3 Bc5 23. Be3 Qc7 24. Bd4 Rfe8 25. Nf1 Qc6 26. b3 Bg6 27. Qd2
Rxe1 28. Rxe1 Rc8 29. Bxc5 Qxc5 30. Re3 b5 31. axb5 Qxb5 32. Qa2 Bd3 33. c4
dxc4 34. bxc4 Bxc4 35. Qc2 Rd8 36. Nd2 Bg8 37. h3 a4 38. Ra3 Qb4 39. Nb1 Bb3
40. Qc3 Rd1+ 41. Kh2 Qb8+ 42. g3 Rxb1 43. Qd3 Rd1 44. Rxb3 Qxb3 45. Qe3 Qxe3
0-1

[Event "4NCL Online Division 4"]
[Site "online"]
[Date "2020.05.19"]
[Round "7.94"]
[White "Steiners, Emils"]
[Black "Clissold, Julian"]
[Result "1/2-1/2"]
[WhiteElo "1405"]
[BlackElo "1795"]
[PlyCount "56"]
[EventDate "2020.05.19"]
[WhiteTeam "Battersea Howitzers"]
[BlackTeam "Manchester Juniors A"]

1. d4 d5 2. c4 c6 3. Nc3 e6 4. Nf3 Bd6 5. e3 Nf6 6. cxd5 exd5 7. Bd3 O-O 8. O-O
Nbd7 9. Qc2 h6 10. Bd2 Re8 11. Rac1 Nf8 12. h3 Bd7 13. a3 Qe7 14. Rfe1 Ne4 15.
Rcd1 Nh7 16. Bc1 Nhf6 17. Nd2 Nxc3 18. Qxc3 Ne4 19. Nxe4 dxe4 20. Bc4 Qg5 21.
Kh1 Qh4 22. Qc2 Bxh3 23. gxh3 Qxh3+ 24. Kg1 Bh2+ 25. Kh1 Bg3+ 26. Kg1 Bh2+ 27.
Kh1 Bg3+ 28. Kg1 Bh2+ 1/2-1/2

[Event "4NCL Online Division 4"]
[Site "online"]
[Date "2020.05.19"]
[Round "7.101"]
[White "Finn, Chris"]
[Black "Retallick, Lloyd"]
[Result "1/2-1/2"]
[WhiteElo "1877"]
[BlackElo "2065"]
[PlyCount "53"]
[EventDate "2020.05.19"]
[WhiteTeam "Oxford 3"]
[BlackTeam "East Cornwall Killers"]

1. d4 d5 2. Nf3 Nf6 3. Bg5 Ne4 4. Bh4 c5 5. e3 Qb6 6. Nc3 Nxc3 7. bxc3 Qb2 8.
c4 Qc3+ 9. Nd2 cxd4 10. cxd5 dxe3 11. fxe3 e6 12. e4 Bb4 13. Rb1 Qe3+ 14. Be2
Qxe4 15. Bf2 O-O 16. dxe6 Bxe6 17. O-O Bxd2 18. Qxd2 Qd5 19. Qf4 Nd7 20. Bf3
Qe5 21. Qxe5 Nxe5 22. Bxb7 Rad8 23. Bxa7 Bxa2 24. Rb2 Rd7 25. Rxa2 Rxb7 26. Bd4
Nc6 27. c3 1/2-1/2

[Event "4NCL Online Division 4"]
[Site "online"]
[Date "2020.05.19"]
[Round "7.102"]
[White "Healey, Grant"]
[Black "Cole, Graham"]
[Result "0-1"]
[WhiteElo "1952"]
[BlackElo "1818"]
[PlyCount "127"]
[EventDate "2020.05.19"]
[WhiteTeam "East Cornwall Killers"]
[BlackTeam "Oxford 3"]

1. d4 Nf6 2. Nf3 g6 3. Bg5 Bg7 4. e3 O-O 5. Bd3 d6 6. O-O c5 7. c3 Nc6 8. Nbd2
h6 9. Bh4 b6 10. dxc5 bxc5 11. Qc2 Be6 12. b3 Nd5 13. Be4 f5 14. Bxd5 Bxd5 15.
Rad1 Ne5 16. Nxe5 Bxe5 17. e4 Be6 18. exf5 Bxf5 19. Qc1 g5 20. Bg3 Bxg3 21.
hxg3 Qe8 22. Rfe1 Qf7 23. Nf1 a5 24. Ne3 Be6 25. Qd2 a4 26. c4 axb3 27. axb3
Qf6 28. f3 Rfb8 29. Nd5 Bxd5 30. Qxd5+ Qf7 31. Qe4 Ra7 32. Rd3 Rab7 33. Ree3
Qf6 34. Qg4 e5 35. f4 Ra7 36. fxe5 Ra1+ 37. Rd1 Rxd1+ 38. Qxd1 Qe6 39. Qxd6
Qxd6 40. exd6 Rd8 41. Re5 Kf7 42. Rxc5 Rxd6 43. b4 Ke7 44. b5 Kd7 45. Kf2 Rd2+
46. Kf3 Rd3+ 47. Kg4 h5+ 48. Kxh5 Rxg3 49. Rxg5 Rc3 50. c5 Rb3 51. b6 Kc6 52.
g4 Re3 53. Rf5 Rh3+ 54. Kg6 Rb3 55. g5 Kd7 56. Kf7 Re3 57. g6 Re7+ 58. Kf6 Re6+
59. Kg5 Re1 60. g7 Rg1+ 61. Kf6 Ke8 62. c6 Kd8 63. c7+ Kc8 64. Kf7 0-1

[Event "4NCL Online Division 4"]
[Site "online"]
[Date "2020.05.19"]
[Round "7.103"]
[White "Hobson, Kenneth"]
[Black "Trudeau, Gary"]
[Result "1/2-1/2"]
[WhiteElo "1825"]
[BlackElo "1870"]
[PlyCount "97"]
[EventDate "2020.05.19"]
[WhiteTeam "Oxford 3"]
[BlackTeam "East Cornwall Killers"]

1. e4 e6 2. d4 d5 3. Nc3 Nf6 4. Bg5 Be7 5. e5 Nfd7 6. Bxe7 Qxe7 7. Bd3 a6 8. f4
c5 9. Nf3 cxd4 10. Nxd4 Nc6 11. Nf3 f5 12. O-O b5 13. Kh1 O-O 14. Ne2 Nb6 15.
Ned4 Qc5 16. c3 Bd7 17. Nxc6 Bxc6 18. Nd4 Bd7 19. Qh5 Na4 20. Rab1 b4 21. Nb3
Qb6 22. cxb4 Qxb4 23. Qe2 a5 24. Rbc1 Rfc8 25. Ba6 Rxc1 26. Rxc1 Ra7 27. g3
Nxb2 28. Nc5 Nc4 29. Nd3 Qb6 30. Bxc4 dxc4 31. Nf2 Bc6+ 32. Kg1 Bd5 33. Kf1 Rc7
34. Nd1 Qd4 35. Nc3 Be4 36. Nb5 Qd7 37. Qb2 Rb7 38. a4 Bd3+ 39. Ke1 Qc6 40. Qd4
Rd7 41. Nd6 Qh1+ 42. Kd2 Qxh2+ 43. Kc3 Qxg3 44. Rg1 Qh2 45. Rxg7+ Kxg7 46. Ne8+
Kg6 47. Qxd7 Qc2+ 48. Kd4 Qb2+ 49. Ke3 1/2-1/2

[Event "4NCL Online Division 4"]
[Site "online"]
[Date "2020.05.19"]
[Round "7.104"]
[White "Hill, Michael"]
[Black "Bush, Ian"]
[Result "1-0"]
[WhiteElo "1727"]
[BlackElo "1870"]
[PlyCount "39"]
[EventDate "2020.05.19"]
[WhiteTeam "East Cornwall Killers"]
[BlackTeam "Oxford 3"]

1. Nf3 Nf6 2. d4 d6 3. e3 g6 4. c4 Bg7 5. Nc3 O-O 6. Be2 Nbd7 7. b3 e5 8. Bb2
c6 9. O-O Qe7 10. dxe5 dxe5 11. Qc2 Re8 12. Rfd1 Nf8 13. Qc1 e4 14. Nd2 Bf5 15.
Nf1 Bg4 16. Ng3 Bxe2 17. Ncxe2 N6d7 18. Bxg7 Kxg7 19. Nd4 f5 20. Ndxf5+ 1-0

[Event "4NCL Online Division 4"]
[Site "online"]
[Date "2020.05.19"]
[Round "7.111"]
[White "Hogarth, Mark J"]
[Black "Ilesanmi, Olusegun"]
[Result "1-0"]
[WhiteElo "1902"]
[BlackElo "1907"]
[PlyCount "50"]
[EventDate "2020.05.19"]
[WhiteTeam "Surbiton 3"]
[BlackTeam "Shropshire 3"]

1. e4 e5 2. Nc3 Nf6 3. f3 h6 4. d4 exd4 5. Qxd4 Bd6 6. Be3 O-O 7. Bc4 Nc6 8.
Qd2 Na5 9. Bd3 c6 10. O-O-O b6 11. g4 Bc7 12. g5 hxg5 13. Bxg5 Bb7 14. f4 d6
15. Qg2 Qe7 16. Nf3 c5 17. Nd5 Bxd5 18. exd5 Rfc8 19. Bf5 b5 20. Rde1 Qd8 21.
Qh3 g6 22. Qh4 Kg7 23. Qh6+ Kg8 24. Re8+ Qxe8 25. Bxf6 Qf8 1-0

[Event "4NCL Online Division 4"]
[Site "online"]
[Date "2020.05.19"]
[Round "7.112"]
[White "Tarr, Steve F"]
[Black "Sheard, Jack"]
[Result "0-1"]
[WhiteElo "1817"]
[BlackElo "1870"]
[PlyCount "58"]
[EventDate "2020.05.19"]
[WhiteTeam "Shropshire 3"]
[BlackTeam "Surbiton 3"]

1. d4 Nf6 2. Bf4 e6 3. e3 c5 4. c3 Nc6 5. Nd2 d5 6. Bd3 Bd6 7. Bg3 O-O 8. Ngf3
b6 9. Ne5 Bb7 10. f4 Ne7 11. Qb1 g6 12. Bh4 Nf5 13. Bxf5 exf5 14. Ndf3 Ba6 15.
Bxf6 Qxf6 16. Nd7 Qe7 17. Nfe5 Rfe8 18. dxc5 bxc5 19. Qd1 Bb7 20. Qb3 Bxe5 21.
Qxb7 Bxf4 22. O-O Bxe3+ 23. Kh1 Rad8 24. Rfe1 Qxd7 25. Qxd7 Rxd7 26. Re2 Kg7
27. Rae1 Rde7 28. h4 d4 29. cxd4 cxd4 0-1

[Event "4NCL Online Division 4"]
[Site "online"]
[Date "2020.05.19"]
[Round "7.113"]
[White "Subin, Samvrit"]
[Black "Walker, Kate"]
[Result "1-0"]
[WhiteElo "1652"]
[BlackElo "1705"]
[PlyCount "67"]
[EventDate "2020.05.19"]
[WhiteTeam "Surbiton 3"]
[BlackTeam "Shropshire 3"]

1. e4 c6 2. Nc3 d5 3. Nf3 dxe4 4. Nxe4 Bf5 5. Ng3 Bg6 6. h4 h6 7. Ne5 Bh7 8.
Qh5 g6 9. Bc4 e6 10. Qf3 Nf6 11. O-O Bg7 12. d3 O-O 13. Bf4 Nbd7 14. Rfe1 Qb6
15. Bb3 Nc5 16. Nc4 Qa6 17. Bd6 Nxb3 18. axb3 Qb5 19. Ra5 Qxa5 20. Nxa5 Rfd8
21. Be7 Rd5 22. Nxb7 Nd7 23. Nd6 Ne5 24. Rxe5 Rxe5 25. Qxf7+ Kh8 26. Bf6 Re1+
27. Kh2 Bxf6 28. Qxf6+ Kg8 29. Qf7+ Kh8 30. Nge4 Rg8 31. Nf6 Rg7 32. Qf8+ Bg8
33. Nf7+ Rxf7 34. Qxg8# 1-0